Countries by Mass of Mismanaged Plastic Waste - Statistics

General Stats
  • This quiz has been taken 56 times
  • The average score is 11 of 15
Answer Stats
MMT/Year Country % Correct
8.82 China
100%
0.60 India
98%
3.22 Indonesia
94%
1.03 Thailand
94%
0.48 Pakistan
88%
1.88 Philippines
88%
1.83 Vietnam
86%
0.79 Bangladesh
84%
0.94 Malaysia
76%
0.85 Nigeria
68%
0.97 Egypt
66%
0.63 South Africa
58%
0.49 Turkey
54%
1.59 Sri Lanka
48%
0.52 Algeria
44%
No matching quizzes found
Score Distribution
Percent of People with Each Score
Percentile by Number Answered
Your Score History
You have not taken this quiz